00257nam a22000977a 4500008004100000041000800041080001000049100000600059101001200065245008200077180522b xxu||||| |||| 00| 0 eng d aeng a043.3 a0 aSHKI-MA aKrahasimi dhe kontrollimi i trafikut ne teknologjine MPLS dhe IP cKapiti, Xh